000 01917nas a2200277Ia 4500
001 R900-R9100
003 IT-CnALBA
008 170116c99999999xx |||||||||||| ||und||
040 _aIT-CnALBA
_cIT-CnALBA
041 _aITALIANO
100 _aGREGORIO ORESTE
210 _aHISTORIA
222 _aHISTORIA
245 0 _aHISTORIA. DICEMBRE 1970. RIVISTA DI STORIA ILLUSTRATA.
250 _a1a ed.
260 _aMILANO
_bDEL DUCA CINO EDITORE
_c1970 [1° Ed.:1970 - Ed.Ling.Originale: 1970]
300 _a164 p.
310 _aMENSILE
362 _aFascicolo: 157 / Anno: 14 (1970)
500 _aDE GAULLE E LA GRANDE EUROPA. SETTECENTO FRANCESE, IMITAZIONE REGINA, INSERTO. FACCIA SCONOSCIUTA DEL NAZISMO. INDICI ANNATA. INVERNIZZI G. INCIDENTE ALLA FIERA DI MILANO, UCCISI ANCHE DUE INDIZIATI. SARAH BERNHARDT, MOSTRO SACRO DELLA BELLE EPOQUE, CERETTI O. ECHI DI GRECIA E ROMA, PROVENZAL D. DUMAS ANDREA, IL PRIMO MILIONARIO DELLA LETTERATURA. DIZIONARIO BATTAGLIE. ESPANSIONISMO AMERICANO, DAVY CROCKETT, PERSONAGGIO A DUE VOLTI, VINCENTINI L. ARALDICA, ANTICHE FAMIGLIE ITALIANE. TARTINI E IL SUO PATTO COL DEMONIO, EVANGELISTA A. FRANCOBOLLI.
501 _aSocietà San Paolo EM - Piazza San Paolo, 14 - 12051 ALBA (CN) (non commercial uses only) ® Copyright 2017
520 _aDE GAULLE E LA GRANDE EUROPA. SETTECENTO FRANCESE, IMITAZIONE REGINA, INSERTO. FACCIA SCONOSCIUTA DEL NAZISMO. INDICI ANNATA. INVERNIZZI G. INCIDENTE ALLA FIERA DI MILANO, UCCISI ANCHE DUE INDIZIATI. SARAH BERNHARDT, MOSTRO SACRO DELLA BELLE EPOQUE, CERETTI O. ECHI DI GRECIA E ROMA, PROVENZAL D. DUMAS ANDREA, IL PRIMO MILIONARIO DELLA LETTERATURA. DIZIONARIO BATTAGLIE. ESPANSIONISMO AMERICANO, DAVY CROCKETT, PERSONAGGIO A DUE VOLTI, VINCENTINI L. ARALDICA, ANTICHE FAMIGLIE ITALIANE. TARTINI E IL SUO PATTO COL DEMONIO, EVANGELISTA A. FRANCOBOLLI.
650 _aSTORIA UNIVERSALE
942 _cCR
957 _71
999 _a60667
_bNO
_g1
_c327693
_d327693